Criminal procedure (Record no. 1750)
[ view plain ]
| 000 -LEADER | |
|---|---|
| fixed length control field | 00864 a2200229 4500 |
| 020 ## - INTERNATIONAL STANDARD BOOK NUMBER | |
| International Standard Book Number | 9788170129851 |
| Terms of availability | 365.00 |
| 035 ## - SYSTEM CONTROL NUMBER | |
| System control number | B-210651 |
| 037 ## - SOURCE OF ACQUISITION | |
| Source of stock number/acquisition | RP-ZLS-2698 / UBH-06-07:2 / RP-06-07:ENG |
| 082 14 - DEWEY DECIMAL CLASSIFICATION NUMBER | |
| Classification number | 345.05 |
| 090 ## - LOCALLY ASSIGNED LC-TYPE CALL NUMBER (OCLC); LOCAL CALL NUMBER (OCLC) | |
| -- | 1781 |
| -- | 1781 |
| 100 1# - MAIN ENTRY--PERSONAL NAME | |
| Personal name | Kelkar, R.V. |
| 245 1# - TITLE STATEMENT | |
| Title | Criminal procedure |
| Statement of responsibility, etc | by R.V. Kelkar;revised by K.N. Chandrasekharan Pillai |
| 250 ## - EDITION STATEMENT | |
| Edition statement | 4th ed reprint 2007 |
| 260 ## - PUBLICATION, DISTRIBUTION, ETC. (IMPRINT) | |
| Place of publication, distribution, etc | Lucknow |
| Name of publisher, distributor, etc | Eastern Book |
| Date of publication, distribution, etc | 2007r |
| 270 ## - ADDRESS | |
| Address | 5-B, Atam Ram House, 5th floor, 1, Tolstory Marg, Cannaught Place, |
| City | New Delhi |
| State or province | Delhi |
| Postal code | 110001 |
| Telephone number | 23752323 |
| Fax number | 011-41504440 |
| 300 ## - PHYSICAL DESCRIPTION | |
| Extent | cxx, S-13, 880 p |
| Dimensions | 24 cm (pbk) |
| 500 ## - GENERAL NOTE | |
| General note | include index |
| 500 ## - GENERAL NOTE | |
| General note | this is reprint of 4th ed in 2007 |
| 700 ## - ADDED ENTRY--PERSONAL NAME | |
| Personal name | Pillai, K.N.handrasekharan |
| 942 ## - ADDED ENTRY ELEMENTS (KOHA) | |
| Institution code [OBSOLETE] | dpl |
| Koha item type | English Books |
| Call number prefix | 345005 KEL |
| Withdrawn status | Lost status | Source of classification or shelving scheme | Damaged status | Not for loan | Collection code | Home library | Current library | Total Checkouts | Total Renewals | Barcode | Date last seen | Date checked out | Uniform Resource Identifier | Cost, replacement price | Price effective from | Koha item type | Public note |
|---|---|---|---|---|---|---|---|---|---|---|---|---|---|---|---|---|---|
| Dewey Decimal Classification | Non-fiction | Sarojini Nagar | Sarojini Nagar | 3 | 2 | B-210651 | 03/05/2019 | 24/03/2019 | 1854 | 22.00 | 15/09/2008 | English Books | Withdrawn List Prepared L.No.69/19 |
